| 000 | 00000nam 2200000zi 4500 |
| 001 | 9.882762 |
| 003 | CaOODSP |
| 005 | 20221107170402 |
| 006 | m o d f |
| 007 | cr cn||||||||| |
| 008 | 191210s1966 onco oc f001 0 eng d |
| 040 | |aCaOODSP|beng|erda|cCaOODSP |
| 041 | 0 |aeng|afre |
| 043 | |an-cn--- |
| 086 | 1 |aId44-10/1966-PDF |
| 245 | 00|aCanada-design '67 catalogue : |bproducts for buildings = Canada-design '67 catalogue : produits pour bâtiment. |
| 246 | 11|aCanada-design '67 catalogue : |bproduits pour bâtiment |
| 246 | 14|aCanada-design '67 catalogue : |bproducts for buildings = Canada-design '67 catalogue : produits pour bâtiments |
| 246 | 10|aProducts for buildings |
| 246 | 10|aProduits pour bâtiment |
| 246 | 10|aProduits pour bâtiments |
| 264 | 1|aOttawa : |b[National Design Council = Conseil national d'esthétique industrielle], |c1966. |
| 300 | |a1 online resource (194 pages) : |bphotographs |
| 336 | |atext|btxt|2rdacontent |
| 337 | |acomputer|bc|2rdamedia |
| 338 | |aonline resource|bcr|2rdacarrier |
| 500 | |aDigitized edition from print [produced by Innovation, Science and Economic Development Canada]. |
| 504 | |aIncludes index. |
| 520 | |a"The entries included in the catalogue cover a wide range of Canadian-manufactured products of superior design and show that Canada has much to offer in both skill and technological ability and is able to compete effectively in world markets"--Introduction, page 2. |
| 546 | |aText in English and French. |
| 650 | 0|aBuilding materials|zCanada|vCatalogs. |
| 650 | 0|aBuildings|xMechanical equipment|vCatalogs. |
| 650 | 0|aFurniture|zCanada|vCatalogs. |
| 655 | 7|aCatalogs|2lcgft |
| 710 | 1 |aCanada. |bDepartment of Industry, Trade and Commerce, |eissuing body. |
| 710 | 2 |aNational Design Council (Canada), |eissuing body. |
| 792 | |tCanada-design '67 catalogue : |efre|w(CaOODSP)9.892512 |
| 856 | 40|qPDF|s34.02 MB|uhttps://publications.gc.ca/collections/collection_2020/isde-ised/Id44-10-1966.pdf |